[Event "GER-chT Betriebe 15th"]
[Site "Munich"]
[Date "2015.10.22"]
[Round "2.1"]
[White "Santos, Paulo J"]
[Black "Choinowski, Gustav"]
[Result "0-1"]
[WhiteElo "1833"]
[BlackElo "2064"]
[PlyCount "106"]
[EventDate "2015.10.22"]
[EventType "team-swiss"]
[EventRounds "7"]
[EventCountry "GER"]
[SourceTitle "EXT 2020"]
[Source "ChessBase"]
[SourceDate "2019.10.17"]
[SourceVersion "1"]
[SourceVersionDate "2019.10.17"]
[SourceQuality "1"]
[WhiteTeam "Muenchen EPA IV"]
[BlackTeam "Hamburg Rapid Unilever"]
[WhiteTeamCountry "GER"]
[BlackTeamCountry "GER"]

1. e4 c5 2. Nc3 Nc6 3. g3 g6 4. Bg2 Bg7 5. d3 d6 6. f4 Nf6 7. Nf3 0-0 8. 0-0 h6 9. h3 Rb8 10. Be3 Ne8 11. Rb1 Nd4 12. g4 f5 13. gxf5 gxf5 14. Ne2 e5 15. c3 Nxe2+ 16. Qxe2 fxe4 17. dxe4 exf4 18. Bf2 Be6 19. a3 b5 20. Rfd1 Qc7 21. Rbc1 a5 22. Re1 b4 23. axb4 axb4 24. cxb4 Rxb4 25. Rc2 c4 26. e5 d5 27. Bd4 Bf5 28. Rd2 Be4 29. Qf2 Rb5 30. Ra1 Qc6 31. Bc3 Bxf3 32. Bxf3 Nc7 33. Qg2 Kh8 34. Ra7 Ra8 35. Rxa8+ Qxa8 36. Qg6 Qf8 37. Qd6 Qf7 38. Qd8+ Kh7 39. Bd1 h5 40. Bc2+ Kh6 41. Rg2 Ne6 42. Qd6 Bf8 43. Qa6 Rb6 44. Qa5 Bc5+ 45. Kf1 d4 46. Bg6 Qxg6 47. Rxg6+ Kxg6 48. Bd2 Rxb2 49. Bxf4 Rb1+ 50. Ke2 Nxf4+ 51. Kf3 Nd3 52. Qa6+ Rb6 53. Qxc4 Nxe5+ 0-1

[Event "GER-chT Betriebe 15th"]
[Site "Munich"]
[Date "2015.10.22"]
[Round "1.1"]
[White "Segerberg, Tomas Olof"]
[Black "Santos, Paulo J"]
[Result "1-0"]
[WhiteElo "2069"]
[BlackElo "1833"]
[PlyCount "67"]
[EventDate "2015.10.22"]
[EventType "team-swiss"]
[EventRounds "7"]
[EventCountry "GER"]
[SourceTitle "EXT 2020"]
[Source "ChessBase"]
[SourceDate "2019.10.17"]
[SourceVersion "1"]
[SourceVersionDate "2019.10.17"]
[SourceQuality "1"]
[WhiteTeam "Muenchen EPA II"]
[BlackTeam "Muenchen EPA IV"]
[WhiteTeamCountry "GER"]
[BlackTeamCountry "GER"]

1. c4 Nf6 2. Nc3 d5 3. cxd5 Nxd5 4. Nf3 g6 5. Qb3 c6 6. e4 Nb6 7. d3 Bg7 8. Be3 N8d7 9. Be2 0-0 10. 0-0 Nf6 11. h3 Nbd7 12. Rfd1 b6 13. e5 Ne8 14. e6 fxe6 15. Qxe6+ Kh8 16. Qxc6 Ba6 17. Ng5 Nc7 18. Qa4 Bb7 19. Qb3 Qe8 20. d4 Nf6 21. Bc4 h6 22. Nf7+ Kh7 23. Ne5 Ne4 24. Bf7 Rxf7 25. Qxf7 Qxf7 26. Nxf7 Nxc3 27. bxc3 Rc8 28. Ne5 Nd5 29. c4 Nc3 30. Rd3 Ne4 31. Rc1 Ba6 32. Ra3 Bxe5 33. dxe5 Bxc4 34. Rxa7 1-0

[Event "Stuttgart-chA int"]
[Site "Ditzingen"]
[Date "2014.05.29"]
[Round "1"]
[White "Santos, Paulo J"]
[Black "Mueller, Philipp"]
[Result "1/2-1/2"]
[WhiteElo "1837"]
[BlackElo "2063"]
[PlyCount "73"]
[EventDate "2014.05.29"]
[EventType "swiss"]
[EventRounds "7"]
[EventCountry "GER"]
[SourceTitle "EXT 2015"]
[Source "ChessBase"]
[SourceDate "2014.11.20"]
[SourceVersion "1"]
[SourceVersionDate "2014.11.20"]
[SourceQuality "1"]

1. e4 Nc6 2. Nc3 e6 3. d4 d5 4. e5 f6 5. exf6 Nxf6 6. Nf3 Bd6 7. Bd3 0-0 8. 0-0 Qe8 9. Nb5 e5 10. dxe5 Nxe5 11. Nxd6 cxd6 12. Nd4 Bg4 13. f3 Bh5 14. Bg5 Ne4 15. Bh4 Nxd3 16. Qxd3 Nc5 17. Qd2 a6 18. Rfe1 Qf7 19. Be7 Qf4 20. Qxf4 Rxf4 21. c3 Nd3 22. Re2 Re8 23. Bxd6 Rxe2 24. Nxe2 Rf6 25. Ba3 Re6 26. Kf1 Re3 27. Rd1 g5 28. Nd4 Bg6 29. Nc2 Re5 30. Nb4 Nxb4 31. Bxb4 Be8 32. Re1 Bb5+ 33. Kf2 Rxe1 34. Kxe1 Kf7 35. Kf2 Ke6 36. Ke3 Kf5 37. g3 1/2-1/2

[Event "Bad Woerishofen op 28th"]
[Site "Bad Woerishofen"]
[Date "2012.03.08"]
[Round "7"]
[White "Fiedler, Wolfgang"]
[Black "Santos, Paulo J"]
[Result "1/2-1/2"]
[WhiteElo "2040"]
[BlackElo "1857"]
[PlyCount "33"]
[EventDate "2012.03.02"]
[EventType "swiss"]
[EventRounds "9"]
[EventCountry "GER"]
[SourceTitle "EXT 2019"]
[Source "ChessBase"]
[SourceDate "2018.10.10"]
[SourceVersion "1"]
[SourceVersionDate "2018.10.10"]
[SourceQuality "1"]

1. Nf3 Nf6 2. g3 g6 3. Bg2 Bg7 4. 0-0 0-0 5. d4 d5 6. h3 c6 7. Nbd2 Nbd7 8. Ne5 Nb6 9. f4 Nfd7 10. c3 f6 11. Nxd7 Bxd7 12. e4 e5 13. fxe5 fxe5 14. Rxf8+ Qxf8 15. dxe5 Bxe5 16. Nf1 Qd6 17. exd5 1/2-1/2

[Event "Bad Woerishofen op 28th"]
[Site "Bad Woerishofen"]
[Date "2012.03.06"]
[Round "5"]
[White "Blaeser, Romain"]
[Black "Santos, Paulo J"]
[Result "1-0"]
[WhiteElo "2022"]
[BlackElo "1857"]
[PlyCount "69"]
[EventDate "2012.03.02"]
[EventType "swiss"]
[EventRounds "9"]
[EventCountry "GER"]
[SourceTitle "EXT 2019"]
[Source "ChessBase"]
[SourceDate "2018.10.10"]
[SourceVersion "1"]
[SourceVersionDate "2018.10.10"]
[SourceQuality "1"]

1. g3 Nf6 2. Bg2 d5 3. Nf3 g6 4. b3 Bg7 5. Bb2 0-0 6. d3 c6 7. Nbd2 Bg4 8. h3 Bxf3 9. Bxf3 Nbd7 10. 0-0 Qc7 11. Bg2 e5 12. e4 dxe4 13. dxe4 Rad8 14. Qe2 Rfe8 15. a4 Nc5 16. Nc4 a6 17. a5 h5 18. b4 Ncd7 19. Bc1 c5 20. c3 Bf8 21. Rb1 cxb4 22. cxb4 Nb8 23. Bg5 Be7 24. Ne3 Nxe4 25. Bxe7 Nc3 26. Qc2 Rxe7 27. Rbc1 Nb5 28. Nd5 Rxd5 29. Bxd5 Qxc2 30. Rxc2 Nc6 31. Bxc6 bxc6 32. Rxc6 Nc7 33. Rd1 Kg7 34. f3 f5 35. Rdd6 1-0

[Event "Augsburg Afro op-A 18th"]
[Site "Augsburg"]
[Date "2011.08.06"]
[Round "6"]
[White "Fehmer, Dirk"]
[Black "Santos, Paulo J"]
[Result "1-0"]
[WhiteElo "2086"]
[BlackElo "1872"]
[PlyCount "109"]
[EventDate "2011.08.04"]
[EventType "swiss"]
[EventRounds "7"]
[EventCountry "GER"]
[SourceTitle "EXT 2015"]
[Source "ChessBase"]
[SourceDate "2014.11.20"]
[SourceVersion "1"]
[SourceVersionDate "2014.11.20"]
[SourceQuality "1"]

1. d4 Nf6 2. c4 g6 3. Nc3 d5 4. cxd5 Nxd5 5. e4 Nxc3 6. bxc3 Bg7 7. Bc4 0-0 8. Ne2 c5 9. Be3 Nc6 10. 0-0 Qc7 11. Rc1 Rd8 12. Qe1 b6 13. f4 e6 14. Qf2 Na5 15. Bd3 c4 16. Bb1 Bb7 17. f5 exf5 18. exf5 Re8 19. Bf4 Qc6 20. Ng3 Rad8 21. Rce1 b5 22. Be4 Qd7 23. Bxb7 Nxb7 24. Bg5 f6 25. Bd2 Nd6 26. Qf3 Nxf5 27. Nxf5 Qxf5 28. Rxe8+ Rxe8 29. Qc6 Qc8 30. Qxb5 Re2 31. Qd5+ Kf8 32. Bf4 Qe6 33. Qa8+ Kf7 34. Qxa7+ Qe7 35. Qxe7+ Kxe7 36. Ra1 Rc2 37. a4 Rxc3 38. a5 f5 39. Be5 Bxe5 40. dxe5 Rb3 41. a6 Rb8 42. a7 Ra8 43. Kf2 g5 44. Ke3 Ke6 45. Ra5 f4+ 46. Ke4 h5 47. Ra6+ Ke7 48. Kd4 g4 49. Kxc4 Kd7 50. Kd4 Kc7 51. Ke4 f3 52. gxf3 gxf3 53. Kxf3 Kb7 54. Ra2 Re8 55. a8Q+ 1-0

[Event "Augsburg Afro op-A 18th"]
[Site "Augsburg"]
[Date "2011.08.05"]
[Round "3"]
[White "Beck, Erich"]
[Black "Santos, Paulo J"]
[Result "0-1"]
[WhiteElo "1892"]
[BlackElo "1872"]
[PlyCount "94"]
[EventDate "2011.08.04"]
[EventType "swiss"]
[EventRounds "7"]
[EventCountry "GER"]
[SourceTitle "EXT 2015"]
[Source "ChessBase"]
[SourceDate "2014.11.20"]
[SourceVersion "1"]
[SourceVersionDate "2014.11.20"]
[SourceQuality "1"]

1. d4 Nf6 2. Nf3 g6 3. Nbd2 d5 4. g3 Bg7 5. Bg2 0-0 6. 0-0 Nc6 7. c4 Re8 8. Re1 dxc4 9. Nxc4 Bg4 10. Nfe5 Nxe5 11. Nxe5 Bc8 12. Qb3 e6 13. e3 c6 14. Bd2 Nd5 15. Nc4 a5 16. a4 Bf8 17. Red1 Qc7 18. Rac1 Bd7 19. e4 Nb4 20. Ne5 Red8 21. Bg5 Rdc8 22. Ng4 Bg7 23. e5 Nd5 24. Qf3 Be8 25. h4 h5 26. Nf6+ Nxf6 27. exf6 Bf8 28. Qe3 Kh7 29. Be4 Qb6 30. Qe2 c5 31. Qxh5+ Kg8 32. Qf3 Bxa4 33. dxc5 Bxd1 34. Rxd1 Bxc5 35. Rd7 Rc7 36. Rxc7 Qxc7 37. h5 Qe5 38. Bh6 Qxh5 39. Qf4 Rd8 40. Bf3 Qf5 41. Bxb7 Qxf4 42. Bxf4 Bd6 43. Bd2 Rb8 44. Bc6 Rxb2 45. Bxa5 Bc5 46. Be1 Rb1 47. Kf1 Bb4 0-1

[Event "Augsburg Afro op-A 18th"]
[Site "Augsburg"]
[Date "2011.08.04"]
[Round "1"]
[White "Fehmer, Carsten"]
[Black "Santos, Paulo J"]
[Result "1-0"]
[WhiteElo "2129"]
[BlackElo "1872"]
[PlyCount "71"]
[EventDate "2011.08.04"]
[EventType "swiss"]
[EventRounds "7"]
[EventCountry "GER"]
[SourceTitle "EXT 2015"]
[Source "ChessBase"]
[SourceDate "2014.11.20"]
[SourceVersion "1"]
[SourceVersionDate "2014.11.20"]
[SourceQuality "1"]

1. Nf3 Nf6 2. g3 g6 3. b3 Bg7 4. Bb2 0-0 5. Bg2 d5 6. 0-0 c5 7. c4 dxc4 8. bxc4 Nc6 9. d3 Bg4 10. Nbd2 Qd7 11. Rb1 Rad8 12. Re1 b6 13. Bc3 Rfe8 14. Qc2 e5 15. a4 Nd4 16. Bxd4 exd4 17. a5 bxa5 18. Rb5 Qc7 19. Qa4 Re7 20. Qxa5 Qxa5 21. Rxa5 Rc8 22. Nb3 Bf8 23. Rxc5 Rxc5 24. Nxc5 Bxf3 25. Bxf3 Nd7 26. Nb3 Ne5 27. Be4 Nxc4 28. Nxd4 Nd6 29. Bf3 Bg7 30. Nb3 Nb5 31. Rc1 Nc3 32. Kf1 f5 33. d4 Ne4 34. e3 Nd6 35. Rc6 Nb5 36. Bd5+ 1-0

[Event "Bad Woerishofen op 27th"]
[Site "Bad Woerishofen"]
[Date "2011.03.30"]
[Round "8"]
[White "Santos, Paulo J"]
[Black "Mack, Thomas"]
[Result "0-1"]
[WhiteElo "1873"]
[BlackElo "2040"]
[PlyCount "42"]
[EventDate "2011.03.24"]
[EventType "swiss"]
[EventRounds "9"]
[EventCountry "GER"]
[SourceTitle "EXT 2012"]
[Source "ChessBase"]
[SourceDate "2011.11.24"]
[SourceVersion "1"]
[SourceVersionDate "2011.11.24"]
[SourceQuality "1"]

1. e4 d5 2. exd5 Nf6 3. Nc3 Nxd5 4. d4 Bf5 5. Nf3 Nb4 6. Bb5+ N8c6 7. Ba4 e6 8. 0-0 Be7 9. Re1 0-0 10. Bb3 Bf6 11. Be3 Qd7 12. a3 Nd5 13. Nxd5 exd5 14. Qd2 Be4 15. Ng5 Bxg5 16. Bxg5 Qg4 17. f3 Bxf3 18. h3 Qxd4+ 19. Qxd4 Nxd4 20. Re7 Be4 21. Rxc7 Ne6 0-1

[Event "GER-chT Betriebe"]
[Site "Berlin"]
[Date "2006.10.07"]
[Round "6.3"]
[White "Schroeder, Wilfried"]
[Black "Santos, Paulo J"]
[Result "0-1"]
[WhiteElo "1400"]
[BlackElo "1662"]
[PlyCount "66"]
[EventDate "2006.10.05"]
[EventType "team-tourn"]
[EventRounds "7"]
[EventCountry "GER"]
[SourceTitle "EXT 2020"]
[Source "ChessBase"]
[SourceDate "2019.10.17"]
[SourceVersion "1"]
[SourceVersionDate "2019.10.17"]
[SourceQuality "1"]
[WhiteTeam "Bremen Airbus II"]
[BlackTeam "Muenchen Europ Patentamt II"]
[WhiteTeamCountry "GER"]
[BlackTeamCountry "GER"]

1. Nc3 d5 2. d4 Nf6 3. Nf3 Bf5 4. Bf4 e6 5. a3 c5 6. e3 c4 7. Ne5 Nc6 8. h3 Be7 9. Be2 Qa5 10. a4 Nb4 11. e4 Nxe4 12. 0-0 Nxc3 13. bxc3 Nxc2 14. Ra2 Qxc3 15. Be3 Qb3 16. Ra1 Nxa1 17. Qxa1 0-0 18. Rc1 Rfd8 19. Rc3 Qb1+ 20. Qxb1 Bxb1 21. Bc1 Bb4 22. Rg3 f6 23. Ng4 Kf7 24. Nh6+ gxh6 25. Bxh6 Rg8 26. Bh5+ Ke7 27. Bg4 f5 28. Bh5 Rxg3 29. fxg3 Rg8 30. h4 Rxg3 31. Bg5+ Kd7 32. Kh2 Bd6 33. Kg1 Be4 0-1

[Event "GER-chT Betriebe"]
[Site "Berlin"]
[Date "2006.10.05"]
[Round "1.3"]
[White "Santos, Paulo J"]
[Black "Franke, Holger"]
[Result "0-1"]
[WhiteElo "1662"]
[BlackElo "2245"]
[PlyCount "48"]
[EventDate "2006.10.05"]
[EventType "team-tourn"]
[EventRounds "7"]
[EventCountry "GER"]
[SourceTitle "EXT 2007"]
[Source "ChessBase"]
[SourceDate "2006.11.23"]
[SourceVersion "1"]
[SourceVersionDate "2006.11.23"]
[SourceQuality "1"]
[WhiteTeam "Muenchen Europ Patentamt II"]
[BlackTeam "Augsburg Osram"]
[WhiteTeamCountry "GER"]
[BlackTeamCountry "GER"]

1. e4 c6 2. d4 d5 3. Nc3 dxe4 4. Nxe4 Bf5 5. Ng3 g6 6. Nf3 e6 7. Be2 Nd7 8. 0-0 Qc7 9. c3 Bd6 10. b4 Ngf6 11. b5 c5 12. c4 cxd4 13. Nxd4 h5 14. Bb2 h4 15. Ngxf5 Bxh2+ 16. Kh1 gxf5 17. Nf3 Bd6 18. Qd3 Nc5 19. Qd4 Nce4 20. Rad1 Bc5 21. Qe5 Ng3+ 22. Kg1 Qxe5 23. Bxe5 Nxe2+ 24. Kh2 Ng4+ 0-1

[Event "IECG WC.2008.S.00009"]
[Site "IECG email"]
[Date "2005.07.17"]
[Round "?"]
[White "Hadet, Emmanuel"]
[Black "Santos, Paulo J"]
[Result "1-0"]
[WhiteElo "2324"]
[BlackElo "1916"]
[PlyCount "65"]
[EventDate "2005.07.17"]
[EventType "tourn (corr)"]
[EventRounds "6"]
[SourceTitle "Corr 2008"]
[Source "ChessBase"]
[SourceDate "2008.06.24"]
[SourceVersion "1"]
[SourceVersionDate "2008.06.24"]
[SourceQuality "1"]

1. e4 e5 2. Nf3 Nc6 3. Bb5 a6 4. Ba4 Nf6 5. 0-0 Nxe4 6. d4 b5 7. Bb3 d5 8. dxe5 Be6 9. Nbd2 Nc5 10. c3 Be7 11. Bc2 0-0 12. Nd4 Qd7 13. Nxc6 Qxc6 14. Nf3 f6 15. b4 Na4 16. Qd3 f5 17. Nd4 Qd7 18. g4 g6 19. Bh6 Rfd8 20. f4 Kh8 21. gxf5 Bxf5 22. Nxf5 Qxf5 23. Qxf5 gxf5 24. Rf3 a5 25. Bxf5 axb4 26. cxb4 Bxb4 27. Rh3 c5 28. Kh1 Ra7 29. Rg1 Nc3 30. e6 Ne4 31. Bxe4 dxe4 32. Bg5 Rf8 33. e7 1-0

[Event "IECG WC.2008.S.00009"]
[Site "IECG email"]
[Date "2005.07.17"]
[Round "?"]
[White "Santos, Paulo J"]
[Black "Starke, Rene Reiner"]
[Result "1/2-1/2"]
[WhiteElo "1916"]
[BlackElo "2438"]
[PlyCount "66"]
[EventDate "2005.07.17"]
[EventType "tourn (corr)"]
[EventRounds "6"]
[SourceTitle "Corr 2008"]
[Source "ChessBase"]
[SourceDate "2008.06.24"]
[SourceVersion "1"]
[SourceVersionDate "2008.06.24"]
[SourceQuality "1"]

1. e4 c5 2. Nf3 Nc6 3. d4 cxd4 4. Nxd4 Nf6 5. Nc3 d6 6. Bg5 e6 7. Qd2 a6 8. 0-0-0 Bd7 9. f4 b5 10. Nxc6 Bxc6 11. Bd3 Be7 12. e5 dxe5 13. fxe5 Nd7 14. Bxe7 Qxe7 15. Be4 Rc8 16. Bxc6 Rxc6 17. Ne4 Nxe5 18. Nd6+ Kf8 19. Rhe1 f6 20. Nxb5 g6 21. Nd4 Rd6 22. Qf4 Nf7 23. Nb3 e5 24. Rxd6 Nxd6 25. Qa4 Qb7 26. Rd1 Ke7 27. Na5 Qb5 28. Qa3 Rd8 29. b3 Rd7 30. Nc4 Qc6 31. Nxd6 Rxd6 32. Rxd6 Qxd6 33. Qxd6+ Kxd6 1/2-1/2

[Event "IECG CP.2003.Q.00006 email"]
[Site "IECG email"]
[Date "2005.01.15"]
[Round "?"]
[White "Bendig, Frank"]
[Black "Santos, Paulo J"]
[Result "1/2-1/2"]
[WhiteElo "2377"]
[BlackElo "1876"]
[PlyCount "57"]
[EventDate "2005.01.15"]
[EventType "tourn (corr)"]
[EventRounds "6"]
[EventCountry "ESP"]
[SourceTitle "Corr 2008"]
[Source "ChessBase"]
[SourceDate "2008.06.24"]
[SourceVersion "1"]
[SourceVersionDate "2008.06.24"]
[SourceQuality "1"]

1. d4 Nf6 2. c4 g6 3. Nc3 Bg7 4. e4 d6 5. Nf3 0-0 6. Be2 e5 7. 0-0 Nc6 8. d5 Ne7 9. Nd2 Nd7 10. b4 a5 11. b5 f5 12. Rb1 b6 13. a4 Nf6 14. Qc2 Bd7 15. Bb2 f4 16. Nd1 g5 17. f3 g4 18. fxg4 Nxg4 19. c5 bxc5 20. Bc3 Nc8 21. Nc4 Nb6 22. Ndb2 Rf6 23. h3 Ne3 24. Nxe3 fxe3 25. Rxf6 Qxf6 26. Rf1 Qg6 27. Rf3 Bh6 28. Be1 Bf4 29. Nc4 1/2-1/2

[Event "IECG CP.2003.Q.00006 email"]
[Site "IECG email"]
[Date "2005.01.15"]
[Round "?"]
[White "Santos, Paulo J"]
[Black "Lehnhoff, Heinz Georg"]
[Result "0-1"]
[WhiteElo "1876"]
[BlackElo "2178"]
[PlyCount "146"]
[EventDate "2005.01.15"]
[EventType "tourn (corr)"]
[EventRounds "6"]
[EventCountry "ESP"]
[SourceTitle "Corr 2008"]
[Source "ChessBase"]
[SourceDate "2008.06.24"]
[SourceVersion "1"]
[SourceVersionDate "2008.06.24"]
[SourceQuality "1"]

1. e4 c5 2. Nf3 e6 3. d4 cxd4 4. Nxd4 a6 5. Nc3 Qc7 6. Bd3 Nc6 7. Be3 b5 8. 0-0 Bb7 9. Qe2 Nf6 10. f4 Nxd4 11. Bxd4 Bc5 12. Bxc5 Qxc5+ 13. Kh1 b4 14. Nd1 0-0 15. c3 d5 16. e5 Ne4 17. Bxe4 dxe4 18. cxb4 Qxb4 19. a3 Qb3 20. Rc1 Rac8 21. Rc3 Qb6 22. Qe3 Qb5 23. Kg1 Rfd8 24. Rxc8 Rxc8 25. Qd2 Qb6+ 26. Qe3 Qc6 27. Qd4 Qc7 28. Nc3 Rd8 29. Qf2 Qc4 30. Re1 Rd4 31. Qe3 Rd3 32. Qf2 h6 33. h3 Bc6 34. f5 exf5 35. Qxf5 Bb7 36. Nxe4 Qd5 37. Re2 Rd1+ 38. Kh2 Rh1+ 39. Kg3 Qd3+ 40. Qf3 Qb5 41. Qg4 Qxe5+ 42. Qf4 Qb5 43. Qe3 Bc6 44. Nc5 Rd1 45. b4 a5 46. Rd2 Qb8+ 47. Kf2 Ra1 48. Nd7 Bxd7 49. Rxd7 axb4 50. axb4 Qxb4 51. Qe5 Ra5 52. Qe3 Ra2+ 53. Kf3 Ra3 54. Rd3 Qb7+ 55. Kf2 Qb2+ 56. Kg3 Qb8+ 57. Kf3 Ra2 58. Rd2 Ra6 59. g4 Qa8+ 60. Kg3 Ra1 61. Rd7 Qh1 62. Qe8+ Kh7 63. Qe3 Rg1+ 64. Kh4 Rf1 65. Kg3 g6 66. Rd2 Rg1+ 67. Kf4 Re1 68. Qd3 Qg1 69. Kf3 Rf1+ 70. Ke4 Rf6 71. Qd7 Qe1+ 72. Kd3 Rf3+ 73. Kc2 Qe4+ 0-1